La calabaza de la finca de mi abuela : (Registro nro. 8769)

Detalles MARC
000 -LIDER
fixed length control field 00757nam a22002057a 4500
003 - IDENTIFICACDOR DE NÚMERO DE CONTROL
control field DO-SdBNP
005 - DATE AND TIME OF LATEST TRANSACTION
control field 20180226131034.0
008 - ELEMENTOS DE LONGITUD FIJA
fixed length control field 151118b cu 1989 xxu||||| |||| 00| 0 spa d
040 ## - FUENTE DE CATALOGACIÓN
Agencia que crea de manera original el registro BPMSU
Idioma de catalogación spa
Agencia que realiza la transcripción BPMSU
092 ## - LOCALLY ASSIGNED DEWEY DECIMAL CALL NUMBER
Número de clasificación xxxxxxxx
Número de ítem (Cutter) xxxxxxxx
100 1# - ASIENTO PRINCIPAL -- NOMBRE PERSONAL
Término de relación Loredo Alonso, Rómulo
245 13 - MENCIÓN DE TITULO
Título La calabaza de la finca de mi abuela :
Subtítulo teatro para niños, con actores, muñecos y máscaras /
Mención de responsabilidad Rómulo Loredo Alonso ; edición Ángela Hechavarría ; ilustración Rolando Castro
260 ## - PUBLICACIÓN, DISTRIBUCIÓN, ETC. (PIE DE IMPRENTA)
Lugar de publicación, distribución, etc Santiago de Cuba :
Nombre del editor, distribuidor, etc. Oriente,
Fecha de publicación, distribución, etc 1989.
300 ## - DESCRIPCIÓN FÍSICA
Extensión 32 p. :
Otros detalles físicos il. ;
Dimensiones 19 cm.
700 12 - ASIENTO SECUNDARIO -- NOMBRE PERSONAL
Nombre personal Hechavarría, Ángela,
Mención de responsabilidad ed.
700 10 - ASIENTO SECUNDARIO -- NOMBRE PERSONAL
Nombre personal Castro, Rolando,
Mención de responsabilidad il.
942 ## - ADDED ENTRY ELEMENTS (KOHA)
Source of classification or shelving scheme Dewey Decimal Classification
Koha item type Libros
945 ## - INFORMACIÓN DE PROCESAMIENTO LOCAL
Información de procesamiento local Inventariado, 2018 / BT
956 ## - LOCAL ELECTRONIC LOCATION AND ACCESS (OCLC)
Nombre de host BTAVAREZ
Número de acceso 10
Trayectoria 20151118
Nombre Electrónico BPMSU
Procesador de solicitud 0038
Existencias
Withdrawn status Lost status Source of classification or shelving scheme Damaged status Not for loan Collection code Home library Current library Date acquired Source of acquisition Total Checkouts Barcode Date last seen Price effective from Koha item type
    Dewey Decimal Classification     Colección Infantil General Biblioteca Pública Metropolitana Salomé Ureña Biblioteca Pública Metropolitana Salomé Ureña 11/18/2015 Biblioteca Elvira Cape de Cuba   BPMSU15110333 11/18/2015 11/18/2015 Libros